000 00394nam a2200157Ia 4500
008 231217s9999 xx 000 0 und d
041 _aEnglish
082 _a001.6424SQL KAU;1 R
100 _aKauffman, John Matsik, Brian Spencer, Kevin
245 0 _aBeginning SQL
260 _c2001
_bShroff
_aMumbai
300 _axv+723
300 _cCD1228
650 _aBeginning,SQL
942 _cAA
999 _c171248
_d171248